Europäische Länder: Schreibe Den Ersten Buchstaben - Statistiken

Allgemein
  • Dieses Quiz wurde 59.245 mal gespielt
  • Das Durchschnittsergebnis liegt bei 29 aus 45
Antworten auf der Karte
Die Antworten werden auf der Karte rot bzw. grün angezeigt, abhängig davon wie oft sie richtig erraten wurden.
 
Antwortstatistiken
Land % Korrekt
Deutschland
67%
Dänemark
66%
Finnland
66%
Frankreich
66%
Griechenland
66%
Irland
66%
Italien
66%
Luxemburg
66%
Niederlande
66%
Norwegen
66%
Österreich
66%
Polen
66%
Portugal
66%
Russland
66%
Schweden
66%
Schweiz
66%
Spanien
66%
Tschechien
66%
Ukraine
66%
Andorra
65%
Belgien
65%
Estland
65%
Island
65%
Kroatien
65%
Lettland
65%
Liechtenstein
65%
Litauen
65%
Malta
65%
Monaco
65%
San Marino
65%
Slowakei
65%
Vatikanstadt
65%
Albanien
64%
Belarus
64%
Rumänien
64%
Slowenien
64%
Vereinigtes Königreich
64%
Bosnien und Herzegowina
63%
Bulgarien
63%
Kosovo
63%
Moldawien
63%
Serbien
63%
Ungarn
63%
Montenegro
62%
Nordmazedonien
61%
Keine übereinstimmenden Quizze gefunden
Verteilung der Resultate
Anzahl Personen mit jedem Resultat
Perzentil nach korrekt beantworteten Fragen
Ihre Resultats-Entwicklung
Sie haben dieses Quiz noch nicht gespielt